Les pays dont la population décline - Statistiques

Statistiques générales
  • Ce quiz a été pris 56 fois
  • Le résultat moyen est 7 sur 20
Statistiques - réponses
Continent Population en 2021 Baisse en % Pays % Correct
Europe 59.1 M 0.72 Italie
90%
Asie 125.68 M 1.53 Japon
75%
Europe 37.75 M 0.83 Pologne
71%
Océanie 42 000 25.85 Iles {Marshall}
59%
Europe 10.33 M 1.80 Portugal
49%
Europe 43.79 M 3.95 Ukraine
41%
Europe 79 000 4.12 Andorre
39%
Europe 19.12 M 4.68 Roumanie
37%
Europe 2.81 M 3.06 Albanie
33%
Europe 10.64 M 3.66 Grèce
33%
Europe 6.83 M 5.07 Serbie
29%
Asie 2.79 M 3.23 Arménie
25%
Europe 6.88 M 5.86 Bulgarie
25%
Europe 1.88 M 7.37 Lettonie
25%
Europe 2.80 M 6.26 Lituanie
25%
Europe 3.27 M 9.27 Bosnie-Herzégovine
24%
Europe 3.90 M 8.64 Croatie
24%
Amérique 48 000 4.56 Saint-Christophe-et-Niévès
24%
Europe 2.62 M 8.54 Moldavie
14%
Amérique 104 000 3.78 Saint-Vincent-et-les Grenades
0%
Aucun quiz correspondant
Distribution des résultats
% des personnes avec chaque résultat
Percentile par nombre de réponses
Votre historique - résultats
Vous n’avez pas pris ce quiz